| 000 | 00461nam a22001697a 4500 | ||
|---|---|---|---|
| 999 |
_c20695 _d20695 |
||
| 003 | BDDh-ASL | ||
| 005 | 20231015025925.0 | ||
| 008 | 210113s19761979pk ||||| |||| 00| 0 eng d | ||
| 040 | _cBDDh-ASL | ||
| 082 |
_a297.1 _bALM |
||
| 100 | 1 |
_92734 _aAli, A. Yusuf |
|
| 245 | 1 | 4 | _aThe Message of Islam / |
| 260 |
_aNew Delhi: _aLahore: _bKitab Bhavan, _bSH. Muhammad Ashraf, _c1979. _c1976 |
||
| 300 |
_a127 p.: _c18 cm. |
||
| 650 | 0 |
_91652 _aIslam |
|
| 942 |
_2ddc _cBK |
||